| 000 | 00338 a2200133 4500 | ||
|---|---|---|---|
| 001 | 151631 | ||
| 040 | _cEscola São Tomás de Aquino | ||
| 100 | _aHIRATSUKA, Lúcia | ||
| 240 | 1 | 0 |
_aLin e o outro lado do bambuzal _lpor |
| 245 | 1 | 0 | _aLin e o outro lado do bambuzal |
| 362 | 0 | _a2006 | |
| 697 | _a*LITERATURA INFANTO JUVENIL | ||
| 942 | _cBK | ||
| 999 |
_c151631 _d151631 |
||